Babies and young children. (Record no. 5735)
[ view plain ]
| 000 -LEADER | |
|---|---|
| fixed length control field | 00910nam a2200181 4500 |
| 020 ## - INTERNATIONAL STANDARD BOOK NUMBER | |
| ISBN | 9780748739752 |
| 050 ## - CALL NUMBER | |
| Classification number | RJ101 |
| Item number | .B38 |
| 100 ## - AUTHOR | |
| Personal name | Marian Beaver |
| 245 ## - TITLE | |
| Title | Babies and young children. |
| Remainder of title | Book 2, Early years care and education |
| Statement of responsibility, etc | Marian Beaver [and others]. |
| 250 ## - EDITION | |
| Edition statement | 2nd ed |
| 260 ## - PUBLICATION INFORMATION | |
| Place of publication | Cheltenham, U.K. : |
| Name of publisher | Stanley Thornes, |
| Year of publication | 1999. |
| 300 ## - DESCRIPTION | |
| Number of Pages | xi, 476 pages : |
| Other physical details | illustrations (some color) ; |
| Dimensions | 26 cm |
| 500 ## - NOTES | |
| General note | Earlier edition published with part title: Work and care. 1995.<br/>Includes index. |
| 505 ## - FORMATTED CONTENTS NOTE | |
| Table of Content | pt. 1. Aspects of professional practice --<br/>pt. 2. Play and the early years curriculum --<br/>pt. 3. The social and legal framework --<br/>pt. 4. Child protection --<br/>pt. 5. Babies 0-1 --<br/>pt. 6. The physical care of children --<br/>pt. 7. Health and sickness. |
| 650 ## - SUBJECTS | |
| Topical Term | Child care -- |
| General subdivision | Great Britain. |
| 650 ## - SUBJECTS | |
| Topical Term | Education, Preschool -- |
| General subdivision | Great Britain. |
| 942 ## - ADDED ENTRY ELEMENTS (KOHA) | |
| Koha item type | Books |
| Withdrawn status | Lost status | Collection code | Home library | Current library | Shelving location | Date acquired | Full call number | Accession Number | Koha item type |
|---|---|---|---|---|---|---|---|---|---|
| Reference | Methodist University Library Main | Methodist University Library Main | General Stacks | 17/12/1999 | RJ101.B38 | 14773 | Books |